Review of human development /

Bibliographic Details
Other Authors: Field, Tiffany
Format: Book
Language:English
Published: New York : Wiley, [1982]
Subjects:

MARC

Tag First Indicator Second Indicator Subfields
LEADER 00000pam a2200000 a 4500
001 in00000097699
005 20150924085411.0
008 811201s1982 nyua b 00100 eng
010 |a  81021886  
020 |a 0471081167 
035 |a (OCoLC)08031400 
035 |9 AAK9323AM 
039 0 |a 2  |b 3  |c 3  |d 3  |e 3 
040 |a DLC  |c DLC  |d TXA  |d UtOrBLW 
049 |a TXAM  |c [952458] 
050 0 0 |a BF713.5  |b  R48 1982 
082 0 |a 155  |2 19 
245 0 0 |a Review of human development /  |c edited by Tiffany M. Field [and others]. 
264 1 |a New York :  |b Wiley,  |c [1982] 
264 4 |c ©1982 
300 |a xix, 664 pages :  |b illustrations ;  |c 26 cm. 
336 |a text  |b txt  |2 rdacontent 
337 |a unmediated  |b n  |2 rdamedia 
338 |a volume  |b nc  |2 rdacarrier 
500 |a "A Wiley-Interscience publication." 
504 |a Includes bibliographies and indexes. 
650 0 |a Developmental psychology. 
700 1 |a Field, Tiffany. 
999 |a MARS 
999 f f |s c0e849b8-bcce-3724-892a-f4f60d593137  |i f13b027a-3ff1-369b-bd35-a07a5f770fbf  |t 0 
952 f f |p normal  |a Texas A&M University  |b College Station  |c Sterling C. Evans Library  |d Evans: Library Stacks  |t 0  |e BF713.5 R48 1982  |h Library of Congress classification  |i unmediated -- volume  |m A14806016933 
998 f f |a BF713.5 R48 1982  |t 0  |l Evans: Library Stacks